Constructing Indian christianities : (Record no. 85039)

MARC details
000 -LEADER
fixed length control field 00711nam a22002057a 4500
005 - DATE AND TIME OF LATEST TRANSACTION
control field 20140623112342.0
010 ## - LCCN (DPL NO)
LC control number ENG-110233
020 ## - INTERNATIONAL STANDARD BOOK NUMBER
International Standard Book Number 9781138020184
Terms of availability 695.00
035 ## - SYSTEM CONTROL NUMBER
System control number EN-93765
037 ## - SOURCE OF ACQUISITION
Source of stock number/acquisition DBAD/PUB
082 ## - DEWEY DECIMAL CLASSIFICATION NUMBER
Classification number 280
245 ## - TITLE STATEMENT
Title Constructing Indian christianities :
Statement of responsibility, etc edited by Chad M. Bauman [and] Richard Fox Young
Remainder of title culture, conversion and caste /
260 ## - PUBLICATION, DISTRIBUTION, ETC. (IMPRINT)
Place of publication, distribution, etc New Delhi
Name of publisher, distributor, etc Routledge
Date of publication, distribution, etc 2014
270 ## - ADDRESS
Address 912, Tolstoy House, 15-17 Tolstoy Marg, Connaught Place
City New Delhi
Postal code 110001
300 ## - PHYSICAL DESCRIPTION
Extent xxiii,264p.
Dimensions 23cm(Hb)
500 ## - GENERAL NOTE
General note Includes bibliographical references and index
700 ## - ADDED ENTRY--PERSONAL NAME
Personal name Bauman, Chad M.
700 ## - ADDED ENTRY--PERSONAL NAME
Personal name Young, Richard Fox
942 ## - ADDED ENTRY ELEMENTS (KOHA)
Source of classification or shelving scheme Dewey Decimal Classification
Item type English Books
Call number suffix CON
Classification part 280
Holdings
Withdrawn status Lost status Not for loan Collection code Home library Current library Date acquired Source of acquisition Cost, normal purchase price Full call number Barcode Copy number Cost, replacement price Koha item type
    Not For Loan Non-fiction D.B.Act.Division D.B.Act.Division 11/06/2014 DBAD/PUB 695.00 280 CON EN-93765 1 695.00 English Books

© Delhi Public Library
Hit Counter
free hit counter